| 000 | 00514nam a2200217Ia 4500 | ||
|---|---|---|---|
| 003 | OSt | ||
| 005 | 20140314141818.0 | ||
| 008 | 140130s9999 xx 000 0 und d | ||
| 020 | _a0590003860 | ||
| 050 |
_aPZ 7 _b.K875Car 1945 |
||
| 100 | _aKrauss, Ruth. | ||
| 245 |
_cRuth Krauss. _aThe carrot seed / |
||
| 260 |
_bScholastic Inc., _cc1945. _aUSA : |
||
| 300 |
_a24 p. : _bcol. ill. ; _c23 cm. |
||
| 440 | _v1 | ||
| 521 | _aG1 | ||
| 526 | _c230 | ||
| 942 |
_cBK _2lcc |
||
| 999 |
_c40012 _d40012 |
||